Dos amigos /
Guardado en:
| Autor Principal: | |
|---|---|
| Formato: | Libro |
| Publicado: |
Colombia :
Norma,
1995
|
| Series: | Cara Cruz
|
| Materias: | |
| Etiquetas: |
Agregar Etiqueta
Sin Etiquetas, Sea el primero en etiquetar este registro!
|
| LEADER | 00817nam a22002415a 4500 | ||
|---|---|---|---|
| 001 | CEM.cems017715 | ||
| 005 | 20110926094446.0 | ||
| 008 | 130507s1995##################000#0#####d | ||
| 003 | CEMS | ||
| 020 | |a 9580429324 | ||
| 082 | 0 | 4 | |a 843 |
| 100 | 1 | |a Maupassant, Guy de | |
| 245 | 1 | 0 | |a Dos amigos / |c Guy de Maupassant |
| 260 | |a Colombia : |b Norma, |c 1995 | ||
| 300 | |a 238 p. | ||
| 490 | 0 | |a Cara Cruz | |
| 500 | |a A propósito de Guy de Maupassant y su obra | ||
| 505 | 0 | |a Dos amigos -- San Antonio -- La loca -- Las becadas -- Mademoiselle Fifí -- Amigo paciencia -- Bola de sebo -- Cuento de navidad -- El lobo -- Un loco | |
| 653 | |a Literatura | ||
| 653 | |a Literatura francesa | ||
| 653 | |a Narrativa francesa | ||
| 653 | |a Maupassant, guy de-biografía | ||
| 859 | |a CEMS |b BIB. CEMS - Agricultura |h 843 |i M445 |p A1463.11 |t Ej.1 | ||
